Normal view
MARC view
Entry Topical Term
001 - CONTROL NUMBER
- control field: 21202
003 - CONTROL NUMBER IDENTIFIER
- control field: ARRUPE
005 - DATE AND TIME OF LATEST TRANSACTION
- control field: 20151207093203.0
008 - FIXED-LENGTH DATA ELEMENTS
- fixed length control field: 151207|| aca||aabn | a|a d
040 ## - CATALOGING SOURCE
- Original cataloging agency: ARRUPE
- Transcribing agency: ARRUPE
150 ## - HEADING--TOPICAL TERM
- Topical term or geographic name as entry element: Portuguese language
- Chronological subdivision: 1870- .
670 ## - SOURCE DATA FOUND
- Source citation: Work cat.: (ARRUPE): Barker, John W. 21200, Teach yourself Portuguese , 1954